000 00561nam a2200193 i 4500
001 97172
003 ES-MaACL
005 20230906182043.0
007 t|
008 050707s1986 sp ||||1| spa d
020 _a84-7676-001-9
100 1 _aManzanares Samaniego, José Luis.
_976205
245 1 3 _aEl convenio europeo de extradición /
_cJosé Luis Manzanares Samaniego.
250 _a[1ª ed.].
260 _aBarcelona :
_bBosch,
_c1986.
300 _a389 p. ;
_c22 cm.
504 _aBibliografía: p. 378-389.
852 _aES-MaACL
_jL-10073
_bR.111824
999 _c97172
_d97172